<?xml version="1.0" encoding="UTF-8"?>
<collection xmlns="http://www.loc.gov/MARC21/slim">
 <record>
  <leader>01623nam a22001937a 4500</leader>
  <controlfield tag="001">NCT_145171</controlfield>
  <controlfield tag="008">230327b        xxu||||| |||| 00| 0 vie d</controlfield>
  <datafield tag="999" ind1=" " ind2=" ">
   <subfield code="c">7477</subfield>
   <subfield code="d">7477</subfield>
  </datafield>
  <datafield tag="020" ind1=" " ind2=" ">
   <subfield code="a">9786047933433</subfield>
   <subfield code="c">329000</subfield>
  </datafield>
  <datafield tag="082" ind1="0" ind2="4">
   <subfield code="2">23rd ed.</subfield>
   <subfield code="a">658.5</subfield>
   <subfield code="b">H309</subfield>
  </datafield>
  <datafield tag="100" ind1="1" ind2=" ">
   <subfield code="a">Hà Minh Hiếu</subfield>
  </datafield>
  <datafield tag="245" ind1="1" ind2="0">
   <subfield code="a">Quản trị logistics và chuỗi cung ứng</subfield>
   <subfield code="c">Hà Minh Hiếu</subfield>
  </datafield>
  <datafield tag="260" ind1=" " ind2=" ">
   <subfield code="a">Tp. Hồ Chí Minh</subfield>
   <subfield code="b">Tài chính</subfield>
   <subfield code="c">2022</subfield>
  </datafield>
  <datafield tag="300" ind1=" " ind2=" ">
   <subfield code="a">508 tr.</subfield>
   <subfield code="c">24 cm</subfield>
  </datafield>
  <datafield tag="520" ind1="3" ind2=" ">
   <subfield code="a">Quản trị Logistics và chuỗi cung ứng được hiểu là xuyên suốt quá trình sản xuất, phân phối lưu thông hàng hóa, dịch vụ trong nền kinh tế. Đây là một công cụ hữu hiệu hỗ trợ cho các doanh nghiệp sản xuất kinh doanh có hiệu quả, nâng cao năng lực cạnh tranh trên thương trường. Với vai trò rất quan trọng và tác dụng to lớn của nó mà ngày nay trên thế giới logistics và chuỗi cung ứng đã trở nên phổ biến và rất phát triển, được các doanh nghiệp coi là một thứ vũ khí cạnh tranh mới hỗ trợ tích cực cho hoạt động sản xuất kinh doanh để doanh nghiệp đạt hiệu quả cao trong vận hành.</subfield>
  </datafield>
  <datafield tag="653" ind1=" " ind2=" ">
   <subfield code="a">Logistics và Chuỗi Cung ứng</subfield>
  </datafield>
  <datafield tag="942" ind1=" " ind2=" ">
   <subfield code="2">ddc</subfield>
   <subfield code="c">BK</subfield>
  </datafield>
  <datafield tag="952" ind1=" " ind2=" ">
   <subfield code="0">0</subfield>
   <subfield code="1">0</subfield>
   <subfield code="2">ddc</subfield>
   <subfield code="4">0</subfield>
   <subfield code="6">658_500000000000000_H309</subfield>
   <subfield code="7">0</subfield>
   <subfield code="9">26872</subfield>
   <subfield code="a">000001</subfield>
   <subfield code="b">000001</subfield>
   <subfield code="d">2023-03-27</subfield>
   <subfield code="o">658.5 H309</subfield>
   <subfield code="p">MD.21322</subfield>
   <subfield code="r">2023-03-27</subfield>
   <subfield code="v">329000.00</subfield>
   <subfield code="w">2023-03-27</subfield>
   <subfield code="y">BK</subfield>
  </datafield>
  <datafield tag="980" ind1=" " ind2=" ">
   <subfield code="a">Thư viện Trường Đại học Nam Cần Thơ</subfield>
  </datafield>
 </record>
</collection>
